| 000 | 00569nam a22001457a 4500 | ||
|---|---|---|---|
| 008 | 140821b xxu||||| |||| 00| 0 eng d | ||
| 020 | _a0406045461 | ||
| 050 | _aKD276.3.L39(1993) | ||
| 245 |
_aThe Law Reports (1993): Chancery Division and on appeal therefrom in the court of appeal and decisions in the court of protection. / _cEdited by Carol Ellis and assisted by Bernard Agyeman. |
||
| 260 |
_aLondon: _bButterworth & co Ltd., _c1993. |
||
| 300 |
_aXxi, 515p.: _c24cm |
||
| 440 | _pChancery Division. | ||
| 800 |
_aEllis Carol. _aAgyeman, Bernard. |
||
| 942 |
_2lcc _cBK |
||
| 999 |
_c3649 _d11149 |
||